Women Empowerment and Family Planning (Record no. 12685)

MARC details
000 -LEADER
fixed length control field 00280nam a22000977a 4500
008 - FIXED-LENGTH DATA ELEMENTS--GENERAL INFORMATION
fixed length control field 240921b |||||||| |||| 00| 0 eng d
020 ## - INTERNATIONAL STANDARD BOOK NUMBER
International Standard Book Number 9788182966765
100 ## - MAIN ENTRY--PERSONAL NAME
Personal name Sahay Nandini
9 (RLIN) 7805
245 ## - TITLE STATEMENT
Title Women Empowerment and Family Planning
260 ## - PUBLICATION, DISTRIBUTION, ETC. (IMPRINT)
Place of publication, distribution, etc. New Delhi
Name of publisher, distributor, etc. Arya Publications
Date of publication, distribution, etc. 2018
Holdings
Withdrawn status Lost status Source of classification or shelving scheme Damaged status Koha normalized classification for sorting Not for loan Home library Current library Shelving location Date acquired Total Checkouts Full call number Barcode Date last seen Price effective from Koha item type
    Dewey Decimal Classification   SAH_376_000000000000000   Good Samaritan School Library Good Samaritan School Library EDUCATION 09/21/2024   SAH376 SAH17883 09/21/2024 09/21/2024 BOOK

Powered by Koha